000 02534cam a22004934i 4500
003 PE-LiUPU
005 20250731172848.0
008 150316s2015 ilua r 001 0 eng d
020 _a0830824650
020 _a9780830824656
035 _a(Sirsi) i9780830824656
040 _aDLC
_bspa
_erda
_cDLC
_dYDXCP
_dBTCTA
_dOCLCF
_dBTA
_dABF
_dTLE
_dZID
_dBDX
_dOCLCQ
_dPE-LiUPU
049 _aPRUA
050 0 0 _aBJ1251
_b.T97 2015
082 0 0 _a241
_bT99
_223
100 1 _aTyra, Gary,
_d1955- ,
_eautor.
245 1 0 _aPursuing moral faithfulness :
_bethics and Christian discipleship /
_cGary Tyra.
264 1 _aDowners Grove, Illinois :
_bIVP Academic,
_c[2015]
300 _a304 páginas :
_bilustraciones ;
_c23 centímetros
336 _atext
_2rdacontent
337 _aunmediated
_2rdamedia
338 _avolume
_2rdacarrier
504 _aÍndice : páginas 295-304.
505 0 _aPart one: Getting started: assessing our current moral faithfulness quotient. -- Moraltiy matters: a user-friendly introduction to Christian ethics -- Some popular ethical options (1): results-oriented approaches -- Some popular ethical options (2): rules-oriented approaches -- The religio-cultural soup we're all in: assessing its impact on our moral IQ -- Part two: Toward a moral faithfulness: integrating balance and responsibility into our ethical lives. -- More on a moral realism (1): the moral guidelines the scriptures provide -- More on a moral realism (2): the moral guidance the scriptures promise -- So, what would Jesus do? -- Responsible and responsive decision making: a closer look at "drawing in the dirt" -- The ethic of responsible Christian discipleship: reasons for its embrace -- Actually becoming an ethically responsible Christian disciple: the process involved.
526 _aSEG42
526 _aSEG41
526 _aSEG40
526 _aSEG39
526 _aP94
526 _aP87
526 _aP86
526 _aP85
526 _aP77
526 _aP76
526 _aP35
650 0 _aMoral cristiana.
_93843
910 _ajck
_bjck
_cjck
_d20160606
942 _2ddc
_cBOOK
949 _a241 T99
_wDEWEY
_c1
_i73149
_lCCODEBUL1
_mBUL
_p15.00
_r0
_sY
_tBOOK
_u2016-6-6
_xTEOLOGIA
_PP85
_0COMPRA
_o.STAFF. Posgrado
994 _aC0
_bPEPRU
596 _a1
999 _a241 T99
_wDEWEY
_c9746
_i73149
_f2021-11-10
_g5
_lCCODEBUL1
_mBUL
_p15.00
_r0
_sY
_tBOOK
_u2016-6-6
_xTEOLOGIA
_PP85
_0COMPRA
_o.STAFF. Posgrado
_d9746
980 _81
_gALBERTO SANCHEZ Responsable de Automatización